| 000 | 00429nam a2200157 i 4500 | ||
|---|---|---|---|
| 001 | 100629 | ||
| 003 | ES-MaACL | ||
| 005 | 20230906182719.0 | ||
| 007 | t| | ||
| 008 | 050930s1903 sp ||||1| cat d | ||
| 100 | 1 |
_aMassó i Torrents, Jaume. _978837 |
|
| 245 | 1 | 0 |
_aCroquis Pirenencs / _cJ. Massó Torrents. |
| 250 | _aNova ed. 1ª [y segona] ser. | ||
| 260 |
_aBarcelona : _b[s.n.], _c1903. |
||
| 852 |
_aES-MaACL _jT-1083-F-2 |
||
| 999 |
_c100629 _d100629 |
||